| 000 | 00915nam a22002655i 4500 | ||
|---|---|---|---|
| 999 |
_c27748 _d27719 |
||
| 003 | EG-ScBUE | ||
| 005 | 20191112111353.0 | ||
| 008 | 191112s2018 ii f b 000 0 eng d | ||
| 020 | _a9788193523131 | ||
| 040 |
_aEG-ScBUE _beng _erda _cEG-ScBUE _dEG-ScBUE |
||
| 082 | 0 | 4 |
_a428.0071 _bSIN _222 |
| 100 | 1 |
_aSingaravelu, G. _eauthor. |
|
| 245 | 1 | 0 |
_aModern methods of teaching English / _cDr. G. Singaravelu. |
| 264 | 1 |
_aDarya Ganj, New Delhi : _bA. P. H. Publishing Corporation, _c2018. |
|
| 300 |
_axiv, 120 pages ; _c22 cm |
||
| 336 |
_atext _btxt _2rdacontent |
||
| 337 |
_aunmediated _bn _2rdamedia |
||
| 338 |
_avolume _bnc _2rdacarrier |
||
| 504 | _aIncludes bibliographical references. | ||
| 650 | 7 |
_aEnglish language _xStudy and teaching. _2BUEsh |
|
| 650 | 7 |
_aEnglish language _xStudy and teaching _xForeign speakers. _2BUEsh |
|
| 653 |
_bHHUUEENN _cNovember2019 |
||
| 655 | _vReading book | ||
| 942 |
_2ddc _cBB |
||